| 000 | 00842cam a2200241 4500 | ||
|---|---|---|---|
| 001 | ABS61585 | ||
| 008 | 000000n1999 000 0 eng u | ||
| 035 | _a(Sirsi) u101664 | ||
| 100 | _aArnold, C. | ||
| 245 | _aPlanning gain: how are off-site liabilities passed back to landowners? | ||
| 260 | _c1999 | ||
| 490 |
_aJournal of Planning and Environment Law _vOctober 1999, 869-877(9) |
||
| 520 | _aOutlines the results of a research project undertaken to determine to what extent developers attempt to pass on off-site costs associated with planning gain on to landowners or purchasers. | ||
| 590 | _aABS | ||
| 650 | _aPLANNING GAIN | ||
| 650 | _aOFF-SITE COSTS | ||
| 650 | _aDEVELOPERS | ||
| 650 | _aLANDOWNERS | ||
| 650 | _aPURCHASERS | ||
| 650 | _aHOUSING DEVELOPMENTS | ||
| 690 | _aPLANNING LAW AND PRACTICE | ||
| 942 | _n0 | ||
| 999 |
_c60792 _d60792 |
||